El espejismo de la democracia en Guatemala /
Zapisane w:
| 1. autor: | |
|---|---|
| Format: | Nieznany |
| Język: | Spanish |
| Wydane: |
Guatemala :
[editor no identificado],
1989.
|
| Hasła przedmiotowe: | |
| Etykiety: |
Dodaj etykietę
Nie ma etykietki, Dołącz pierwszą etykiete!
|
MARC
| LEADER | 000000000a22000000004500 | ||
|---|---|---|---|
| 001 | 004125 | ||
| 041 | 0 | |a spa | |
| 082 | 0 | 4 | |a 972.810.5 |b Z41e |
| 100 | 1 | |a Zea González, Emilio, |d 1917-1988 | |
| 245 | 1 | 3 | |a El espejismo de la democracia en Guatemala / |c Emilio Zea González. |
| 260 | 1 | |a Guatemala : |b [editor no identificado], |c 1989. | |
| 300 | |a 823 páginas : |b ilustraciones ; |c 22 cm. | ||
| 650 | 4 | |a GUATEMALA | |
| 650 | 4 | |a POLITICA Y GOBIERNO | |
| 650 | 4 | |a 1945-1985 | |
| 650 | 4 | |a HISTORIA | |
| 650 | 4 | |a REVOLUCION DE OCTUBRE, 1944 | |
| 650 | 4 | |a RELACIONES INTERNACIONALES, 1945 | |
| 999 | |c 10409 |d 10409 | ||
| 942 | |c BK |h 972.810.5 Z41e |2 z | ||
